| 000 | 00904nac a22002531u 4500 | ||
|---|---|---|---|
| 010 | _a 75450268 | ||
| 020 | _a0700013911 | ||
| 082 | 0 | 0 |
_a616.157 _bP763 |
| 090 |
_c3548 _d3548 |
||
| 100 | _a20080729 | ||
| 245 | 0 | 0 |
_aRecent advances in blood coagulation. _cEdited by L. Poller. |
| 260 |
_aLondon, _bChurchill, _c1969. |
||
| 300 |
_aix, 362 p. _b7 plates, illus. (incl. 1 col.), map. _c24 cm. |
||
| 500 | _aDonations. | ||
| 500 | _aDonations - Bibliotheca Alexandrina. | ||
| 504 | _aIncludes bibliographies and Index. | ||
| 650 | 0 | _aBlood coagulation disorders. | |
| 650 | 0 |
_aBlood _xCoagulation. |
|
| 650 | 0 | _aBlood Coagulation. | |
| 650 | 0 |
_aBlood Coagulation Disorders _xtherapy. |
|
| 700 | 1 | _aPoller, L., | |
| 942 |
_cBB _k616.157P763 |
||
| 999 |
_c3548 _d3548 |
||